000
00218nam a2200097Ia 4500
008
240331s9999 xx 000 0 und d
082
_b
RUR
100
_a
Davies,M. tr
245
0
_a
Rural women in Latin America
942
_c
L
999
_c
1893
_d
1893